Đánh giá tác động môi trường /
Tổng quan về đánh giá tác động môi trường; Trình tự thực hiện đánh giá tác động của môi trường; Các phương pháp dùng trong đánh giá tác động của môi trường; Đánh giá tác động đến chất lượng môi trường...
Uloženo v:
| Hlavní autor: | |
|---|---|
| Další autoři: | |
| Médium: | Kniha |
| Jazyk: | Vietnamese |
| Vydáno: |
Hà Nội :
Đại học Quốc gia Hà Nội,
2000.
|
| Témata: | |
| Tagy: |
Přidat tag
Žádné tagy, Buďte první, kdo otaguje tento záznam!
|
| Thư viện lưu trữ: | Mạng thư viện Đại học Đà Nẵng |
|---|
| LEADER | 01172cam a2200349 a 4500 | ||
|---|---|---|---|
| 001 | 000047075 | ||
| 003 | 6606 | ||
| 005 | 20070124105420.0 | ||
| 008 | 010305b2000 vm 000 vie | ||
| 020 | |c 22500 | ||
| 022 | |a T | ||
| 040 | |a LIRC |c LIRC |d LIRC | ||
| 041 | 0 | |a vie | |
| 082 | 1 | 4 | |a 363.7 |b PH-H |
| 100 | 1 | |a Phạm Ngọc Hồ, |c PGS. | |
| 245 | 0 | 0 | |a Đánh giá tác động môi trường / |c Phạm Ngọc Hồ, Hoàng Xuân Cơ. |
| 260 | |a Hà Nội : |b Đại học Quốc gia Hà Nội, |c 2000. | ||
| 300 | |a 296tr. ; |c 20cm. | ||
| 520 | 3 | |a Tổng quan về đánh giá tác động môi trường; Trình tự thực hiện đánh giá tác động của môi trường; Các phương pháp dùng trong đánh giá tác động của môi trường; Đánh giá tác động đến chất lượng môi trường... | |
| 630 | 0 | 4 | |a Môi trường. |
| 650 | 0 | 4 | |a Môi trường. |
| 700 | 1 | |a Hoàng Xuân Cơ, |c TS. | |
| OWN | |a DUT | ||
| 999 | |a From the UDN01 | ||
| TYP | |a Monograph | ||
| TYP | |a Printed language | ||
| 980 | |a Mạng thư viện Đại học Đà Nẵng | ||